| 000 | 01411nam a22004097a 4500 | ||
|---|---|---|---|
| 003 | OSt | ||
| 005 | 20230519102222.0 | ||
| 008 | 221006b |||||||| |||| 00| 0 eng d | ||
| 040 | _cBiblioteca Lado V | ||
| 082 |
_a701.18 _bA658t |
||
| 100 |
_9828 _aAraeen, Rasheed _eeditora |
||
| 245 |
_aThird Text/ _bCriticalPerspectives on Contemporary Art & Culture/ |
||
| 260 |
_bRoutledge _c2002 _aLondres |
||
| 300 |
_c19x25cm _a112p. |
||
| 366 | _eeng | ||
| 490 |
_a57 _v2002 _x0952-8822 |
||
| 505 | _aBulent Diken | ||
| 505 | _aMerryl Wyn Davies | ||
| 505 | _aIan Mclean | ||
| 505 | _aVanessa Corby | ||
| 505 | _aWendy Meryem K Shaw | ||
| 505 | _aJames Swinson | ||
| 505 | _aAlana Jelinek | ||
| 505 | _aBernard Smith | ||
| 505 | _aNikos Paperstergiadis | ||
| 505 |
_aForum _gRachel Garfield |
||
| 505 |
_aReviews _gMichael Richardson Zeigam Azizov Tina Sotiriadi Beral Madra Mario Pissarra |
||
| 505 | _aContributors | ||
| 650 |
_2Tesauro de Arte & Arquitectura _aARTE _9703 |
||
| 650 |
_2Tesauro de Arte & Arquitectura _aCRITICA |
||
| 650 |
_2Tesauro de Arte & Arquitectura _aARTE CONTEMPORANEO |
||
| 650 |
_2Tesauro de Arte & Arquitectura _aAPRECIACION |
||
| 650 |
_2Tesauro de Arte & Arquitectura _aTEORIA |
||
| 650 |
_2Tesauro de Arte & Arquitectura _aANALISIS |
||
| 651 |
_2Tesauro de Arte & Arquitectura _aLONDRES |
||
| 942 |
_2ddc _c1 _h701.18 _iA658t _n0 |
||
| 999 |
_c3644 _d3644 |
||